Statistics for 1990s Albums by Cover

Click here to take the quiz!

General Stats

  • This quiz has been taken 134 times
  • The average score is 11 of 20

Answer Stats

Answer% Correct
{In} {Utero} – {Nirvana}
78%
{Metallica} – {Metallica}
76%
{OK} {Computer} – {Radiohead}
76%
{The} {Bodyguard} – {Whitney} {Houston}
68%
{Weezer} – {Weezer}
68%
{Daydream} – {Mariah} {Carey}
66%
{Backstreet} {Boys} – {Backstreet} {Boys}
64%
{Californication} – {Red} {Hot} {Chili} {Peppers}
63%
{Ready} {to} {Die} – {The} {Notorious} {B.I.G.}
63%
{Homogenic} – {Björk}
59%
{Ray} {of} {Light} – {Madonna}
57%
{The} {Score} – {Fugees}
57%
{Let's} {Talk} {About} {Love} – {Celine} {Dion}
54%
{Achtung} {Baby} – {U2}
52%
{Mellon} {Collie} {and} {the} {Infinite} {Sadness} – {The} {Smashing} {Pumpkins}
46%
{Automatic} {for} {the} {People} – {R.E.M.}
41%
{Check} {Your} {Head} – {Beastie} {Boys}
37%
{Loveless} – {My} {Bloody} {Valentine}
37%
{The} {Low} {End} {Theory} – {A} {Tribe} {Called} {Quest}
37%
{Violator} – {Depeche} {Mode}
31%

Score Distribution

Percentile by Number Answered

Percent of People with Each Score

Your Score History

You have not taken this quiz